| 000 | 01420nam a22004097a 4500 | ||
|---|---|---|---|
| 001 | 000692 | ||
| 003 | DO-SdBPM | ||
| 005 | 20260306060724.0 | ||
| 007 | ta | ||
| 008 | 161114b2003 sp a |||| 00| 0 spa d | ||
| 020 | _a8420401617 | ||
| 040 |
_aDO-SdBPM _bspa _cBPMSU _erda |
||
| 082 | 0 | 4 |
_aE863.44 _bI91v 2004 _222 |
| 100 | 1 |
_aIturralde, Edna, _d1948- _4aut. _eautor |
|
| 245 | 1 | 0 |
_aVerde fue mi selva / _cEdna Iturralde ; ilustraciones de E. Cornejo, S. González y M. Maggiorini |
| 260 | _b, | ||
| 264 |
_aMadrid : _b Alfaguara, _c2004. |
||
| 300 |
_a132 páginas : _bilustraciones ; _c20 cm. |
||
| 336 |
_atexto _btxt _2rdacontent |
||
| 337 |
_asin mediación _bn _2rdamedia |
||
| 338 |
_avolumen _bnc _2rdacarrier |
||
| 490 | 0 | _aPróxima parada Alfaguara. | |
| 500 | _aIncluye datos de la autora. | ||
| 500 | _aPara niños a partir de los 10 años. | ||
| 590 | _aInventariado, 2026/VM | ||
| 650 | 7 | _aCuentos juveniles ecuatorianos. | |
| 650 | 7 |
_aFelicidad _vCuentos juveniles. |
|
| 650 | 7 |
_aVida en la selva _vCuentos juveniles |
|
| 650 | 7 | _a | |
| 650 | 7 | _aLiteratura juvenil ecuatoriana | |
| 651 | 7 |
_aAmazonas (Región) _xDescripción _vCuentos juveniles. |
|
| 700 | 1 |
_aCornejo, E., _eilustraciones |
|
| 700 | 1 |
_aGonzález, S., _d1971- _eilustraciones |
|
| 700 | 1 |
_aMaggiorini, Mauricio, _eilustración |
|
| 910 | _aVMateo V. Control de calidad. BPMSU | ||
| 942 |
_2ddc _cBK |
||
| 999 |
_c11932 _d11932 |
||